000 00922nam a2200241Ia 4500
003 OSt
005 20220923224236.0
006 a|||||r|||| 00| 0
007 ta
008 220922b |||||||| |||| 00| 0 hin d
024 _a229,863
037 _cTextual
040 _aARTS
_cARTS
_bhin
041 _2hin
_ahin
082 _aO152,6N06x, P4
100 _aद्विवेदी, हजारी प्रसाद; द्विवेदी, मुकुन्द, संपा.
_9167851
245 0 _aचुने हुए निबंध
246 _aChune hue nibandha
260 _aनयी दिल्ली
_b किताबघर प्रकाशन
_c2004
300 _a120पृ.
_ccm.
942 _hO152,6N06x, P4
_cTEXL
_2CC
999 _c370127
_d370127